00798nam a2200229 a 450000100060000000300090000600800410001502000180005604000280007408200160010210000290011824500420014726000250018930000100021450500810022465000290030565000250033465000290035994200120038899900170040095201510041722764CO-ViMGA141112s2004 ck r 000 u spa d a9788420638898 aCO-ViMGAbspacCO-ViMGA04a843.8 M186h1 aMaupassant, Guyde93250410aEl horla y otros cuentos maravillosos aEspaña : bAlianza a185p. aSobre el agua, Loco?, El tio judas, La mano, Un loco, El horla, La dormilona14aCUENTOS DE TERROR 9107714aCUENTOS FANTASTICOS 14aCUENTOS FRANCESES 91078 2ddccBK c31061d31061 00102ddc40708003aMEVIECARbMEVIECARd2015-12-04hVolumen. 1 | 20/oct/2009l0o843.8 M186h p22764r2015-12-04 00:00:00tEj. 1w2015-12-04yBK